Disney Princesses by Country - Statistics

General Stats
  • This quiz has been taken 2,703 times
    672 since last reset
  • The average score is 8 of 13
Answer Stats
Princess Fictional Country Modern-day Country % Correct
Belle ––––––––– France
95%
Tiana ––––––––– United States
84%
Mulan ––––––––– China
82%
Snow White ––––––––– Germany
72%
Merida ––––––– United Kingdom
63%
Pocahontas ––––––– United States
62%
Cinderella ––––––––– France
56%
Jasmine Agrabah Iraq / Saudi Arabia / United Arab Emirates / Oman / Syria / Kuwait /Qatar / Bahrain / Yemen / Jordan / Lebanon
56%
Rapunzel Kingdom of Corona Germany
52%
Aurora ––––––– France
42%
Moana Motunui United States / Chile / Samoa / Tonga / Tuvalu / New Zealand / Fiji
39%
Ariel Atlantica + ––––––– Denmark
36%
Raya Kumandra Indonesia / Malaysia / Philippines / Laos / Vietnam / Brunei / Singapore /Cambodia / Thailand / Myanmar / East Timor
21%
No matching quizzes found
Score Distribution
Percent of People with Each Score
Percentile by Number Answered
Your Score History
You have not taken this quiz since the last reset